| 000 | 01985cam a22002895 4500 | ||
|---|---|---|---|
| 001 | L145987 | ||
| 008 | 081128s2006 d s 000 0 eng u | ||
| 020 | _a9781842193112 | ||
| 022 | _a1369-5630 | ||
| 035 | _a(Sirsi) u145987 | ||
| 041 | 0 | _aeng | |
| 050 | 0 | 4 | _a692.8 $2 18 |
| 110 | 2 |
_aRoyal Institution of Chartered Surveyors _bQuantity Surveying and Construction Faculty _94967 |
|
| 245 | 0 | 0 |
_aContracts in use _ba survey of building contracts in use during 2004 _h[electronic resource] |
| 250 | _a10th ed. | ||
| 260 |
_aLondon _bRICS _c2006 |
||
| 300 |
_a39 p. _ill. $3 0 cm. |
||
| 490 | 0 |
_aContracts in Use _v2006 |
|
| 505 | 0 | _aExecutive summary -- Introduction -- Response -- Analysis of returns -- Standard forms of contract -- JCT forms -- GC/Works forms -- ICE forms -- NEC Engineering and Construction (EEC) forms -- Association of Consultant Architects -- Additional contract provisions -- Design and build procurement -- Management procurement routes -- Partnering -- Appendix one: survey questionnaire -- Appendix two: the distribution of contracts in use | |
| 520 | _aThe tenth survey in the "Contracts in use" series considering trends in the use of the various standard forms of contract and procurement methods. The results of the survey, which covered both new build and refurbishment projects for which work started on site between 1 January and 31 December 2004, are presented using charts, graphs and tables. Key findings include the continued dominance of JCT, with the growing use of alternative standard forms such as the NEC. Design and build still dominates the middle market, although bills of quantities continue to be used regularly. | ||
| 520 | _aSee L127678 for online version of this survey. | ||
| 521 | _aAdvanced | ||
| 651 | 4 |
_aUnited Kingdom _y |
|
| 690 | _aBUILT ENVIRONMENT-BUILDING CONTRACT FORMS | ||
| 856 | 4 | 8 |
_uhttps://www.rics.org/Global/Downloads/ContractsInUse2004.pdf _zView this survey for free at www.rics.org |
| 942 | _n0 | ||
| 999 |
_c109004 _d109004 |
||